<Das> virtuelle Unternehmen <Der> Kunde als Co-Produzent
Salvato in:
| Autore principale: | |
|---|---|
| Altri autori: | , |
| Natura: | Libro |
| Lingua: | tedesco |
| Pubblicazione: |
Frankfurt am Main
Campus
1993
|
| Edizione: | 1. Aufl. |
| Soggetti: | |
| Tags: |
Nessun Tag, puoi essere il primo ad aggiungerne!!
|
MARC
| LEADER | 00000nam a2200000 4500 | ||
|---|---|---|---|
| 001 | c010958 | ||
| 005 | 20221207104006.8 | ||
| 020 | |a 3-593-34947-7 | ||
| 041 | 0 | |a ger | |
| 044 | |a DE | ||
| 245 | 1 | 0 | |a <Das> virtuelle Unternehmen |b <Der> Kunde als Co-Produzent |c William H. Davidow, Michael S. Malone ; [Z angl. prel.] Hasso Rost |
| 250 | |a 1. Aufl. | ||
| 264 | 1 | |a Frankfurt am Main |b Campus |c 1993 | |
| 300 | |a 251 s. | ||
| 610 | 2 | 0 | |a podnikanie |
| 610 | 2 | 0 | |a zákazníci |
| 610 | 2 | 0 | |a produkcia |
| 610 | 2 | 0 | |a výroba štíhla |
| 610 | 2 | 0 | |a kontrola kvality |
| 610 | 2 | 0 | |a komunikácia |
| 610 | 2 | 0 | |a manažment |
| 610 | 2 | 0 | |a marketing |
| 610 | 2 | 0 | |a revolúcia priemyselná |
| 610 | 2 | 0 | |a hospodárstvo národné |
| 610 | 2 | 0 | |a služby |
| 610 | 2 | 0 | |a USA |
| 610 | 2 | 0 | |a Japonsko |
| 610 | 2 | 0 | |a teórie ekonomické |
| 610 | 2 | 0 | |a CAD |
| 610 | 2 | 0 | |a CAE |
| 610 | 2 | 0 | |a TQM |
| 100 | 1 | |a Davidow, William H. | |
| 700 | 1 | |a Malone, Michael S. | |
| 700 | 1 | |a Rost, Hasso | |